000 00653na a2200229 4500
001 21987
003 MIRAKIL
005 20181213155126.0
008 170209b tu 000 0
020 _a9786056166563
040 _aMilas
_btur
_cTR-AnCHP
041 _atur
_aeng
082 _a770.92
_bA46f 2016
090 _a770.92 A46f 2016
100 _aAlok, Ersin
245 _aErsin Alok
_cErsin Alok
260 _aİstanbul
_bDr.Nejat Eczacıbaşı Vakfı yayınları
_c2016
_fpre-press
300 _a299 s.
_bfotg.
_c25 sm.
490 _aFotoğraf Sanatçıları Dizisi
_v7
650 _aFotoğraf sanatçıları
_xErsin Alok
942 _2ddc
_cBKS
999 _c7058
_d7058